The advancement of real estate as a global asset class (Record no. 115027)
[ view plain ]
| 000 -LEADER | |
|---|---|
| fixed length control field | 01436cam a22002055a 4500 |
| 001 - CONTROL NUMBER | |
| control field | L157912 |
| 008 - FIXED-LENGTH DATA ELEMENTS--GENERAL INFORMATION | |
| fixed length control field | 130717s2013 xxk f 000 0 eng d |
| 035 ## - SYSTEM CONTROL NUMBER | |
| System control number | (Sirsi) u157912 |
| 041 0# - LANGUAGE CODE | |
| Language code of text/sound track or separate title | eng |
| 110 2# - MAIN ENTRY--CORPORATE NAME | |
| Corporate name or jurisdiction name as entry element | Jones Lang LaSalle |
| 9 (RLIN) | 3755 |
| 245 04 - TITLE STATEMENT | |
| Title | The advancement of real estate as a global asset class |
| Medium | [electronic resource] |
| 260 ## - PUBLICATION, DISTRIBUTION, ETC. | |
| Place of publication, distribution, etc. | London |
| Name of publisher, distributor, etc. | Jones Land LaSalle |
| Date of publication, distribution, etc. | 2013 |
| 490 #0 - SERIES STATEMENT | |
| Series statement | Jones Lang LaSalle Global Market Perspective Global Foresight Series |
| Volume/sequential designation | 2013 |
| 520 ## - SUMMARY, ETC. | |
| Summary, etc. | For the first time since 2007, global investors are viewing real estate as a key part of their investment portfolios with a number of pension funds increasing their percentage of investment in real estate. Key reason is the reassessment of risk and diversification away from bonds and equities with yields seen as core driver of investment returns. Yields are spread between prime office assets and Government bonds. Real estate investment flows is dominated by Asia Pacific region. Investors are targeting super-prime assets across 30 to 20 cities. Predicts that the investment interest in real estate will help with redevelopment of obsolete commercial property stock |
| 590 ## - LOCAL NOTE (RLIN) | |
| Local note | KA |
| 651 #4 - SUBJECT ADDED ENTRY--GEOGRAPHIC NAME | |
| Geographic name | International |
| 690 ## - LOCAL SUBJECT ADDED ENTRY--TOPICAL TERM (OCLC, RLIN) | |
| Topical term or geographic name as entry element | Investments |
| 9 (RLIN) | 6250 |
| 856 40 - ELECTRONIC LOCATION AND ACCESS | |
| Host name | uhttp://http://www.joneslanglasalle.com/ResearchLevel1/JLL-Real-Estate-as-a-Global-Asset-Class.pdf |
| Public note | View the item free of charge from the www.joneslanglasalle.com website. |
| 942 ## - ADDED ENTRY ELEMENTS (KOHA) | |
| Suppress in OPAC | 0 |
| Withdrawn status | Lost status | Source of classification or shelving scheme | Damaged status | Not for loan | Home library | Current library | Shelving location | Date acquired | Total Checkouts | Full call number | Barcode | Date last seen | Copy number | Price effective from | Koha item type |
|---|---|---|---|---|---|---|---|---|---|---|---|---|---|---|---|
| Dewey Decimal Classification | Virtual | Virtual | Online | 17/07/2013 | ONLINE PUBLICATION | 157912-2001 | 06/08/2019 | 1 | 06/08/2019 | Book |